[Event "POL-chT3 2010/11"]
[Site "Wielkopolska"]
[Date "2011.01.23"]
[Round "5"]
[White "Niekras, Dawid"]
[Black "Krasinski, Rafal"]
[Result "0-1"]
[WhiteElo "1789"]
[BlackElo "1930"]
[PlyCount "126"]
[EventDate "2010.11.28"]
[EventType "team-tourn"]
[EventRounds "11"]
[EventCountry "POL"]
[SourceTitle "EXT 2019"]
[Source "ChessBase"]
[SourceDate "2018.10.10"]
[SourceVersion "1"]
[SourceVersionDate "2018.10.10"]
[SourceQuality "1"]
[WhiteTeam "Koscian Tecza"]
[BlackTeam "Poznan Komandoria"]
[WhiteTeamCountry "POL"]
[BlackTeamCountry "POL"]

1. e4 Nf6 2. e5 Nd5 3. d4 d6 4. c4 Nb6 5. f4 dxe5 6. fxe5 Nc6 7. Be3 Bf5 8. Nc3 e6 9. a3 Be7 10. Nf3 f6 11. exf6 Bxf6 12. Be2 Qd7 13. Qd2 Na5 14. Ne5 Bxe5 15. dxe5 Qxd2+ 16. Bxd2 Naxc4 17. Bxc4 Nxc4 18. Nb5 0-0-0 19. Bc3 Rd5 20. Nd4 Rxe5+ 21. Kf2 Bd3 22. Rhd1 Rf8+ 23. Kg1 Be4 24. Re1 Nd6 25. Rad1 Rg5 26. Rxe4 Nxe4 27. Nxe6 Nxc3 28. bxc3 Rgf5 29. Nxf8 Rxf8 30. Rd4 c5 31. Ra4 a6 32. Rc4 b6 33. a4 Kb7 34. Re4 Rf7 35. Re6 h6 36. h3 a5 37. Kh2 Ka6 38. Kg3 Rd7 39. Kf2 Rd3 40. Rg6 Rxc3 41. Rxg7 c4 42. Ke2 Ra3 43. Kd2 Rxa4 44. Kc3 Kb5 45. Rg6 Ra3+ 46. Kb2 Rb3+ 47. Kc2 a4 48. Rxh6 Rg3 49. h4 Rxg2+ 50. Kc3 Rg3+ 51. Kb2 Ka5 52. h5 b5 53. Rh8 Kb4 54. h6 a3+ 55. Kc1 Kc3 56. Kd1 Rh3 57. h7 b4 58. Ke2 a2 59. Ra8 Rxh7 60. Ke3 b3 61. Ra4 Rh1 62. Ke4 a1R 63. Rxa1 Rxa1 0-1

[Event "Poznan op-B 18th"]
[Site "Poznan"]
[Date "2009.07.25"]
[Round "7"]
[White "Krasinski, Rafal"]
[Black "Rys, Marek"]
[Result "1-0"]
[WhiteElo "1961"]
[BlackElo "1792"]
[PlyCount "81"]
[EventDate "2009.07.19"]
[EventType "swiss"]
[EventRounds "9"]
[EventCountry "POL"]
[SourceTitle "EXT 2011"]
[Source "ChessBase"]
[SourceDate "2010.11.26"]
[SourceVersion "1"]
[SourceVersionDate "2010.11.26"]
[SourceQuality "1"]

1. Nf3 Nf6 2. b3 d6 3. d4 c6 4. e3 g6 5. Be2 Bg7 6. 0-0 0-0 7. Nbd2 Nbd7 8. Bb2 Qc7 9. c4 e5 10. Qc2 Re8 11. Rac1 Nf8 12. e4 exd4 13. Nxd4 Ne6 14. Nxe6 Bxe6 15. Rfe1 Nd7 16. Bxg7 Kxg7 17. Qc3+ Kg8 18. Qg3 Rac8 19. f4 f5 20. Bd3 Nc5 21. Bb1 fxe4 22. Bxe4 Qf7 23. b4 Nxe4 24. Nxe4 Rcd8 25. Qc3 Re7 26. Nf6+ Kf8 27. Re3 d5 28. cxd5 Bxd5 29. Rxe7 Qxe7 30. Re1 Qg7 31. Qc5+ Kf7 32. Re7+ Kxf6 33. Rxg7 Kxg7 34. Qxa7 Rd7 35. a4 Re7 36. Kf2 b5 37. Qa8 Rd7 38. Qc8 Re7 39. a5 Re8 40. Qb7+ Re7 41. a6 1-0